• AIU
  • Tony Wilmot Memorial Library

Lila na fila. (Record no. 43621)

MARC details
000 -LEADER
fixed length control field 00580nam a22002171a 4500
001 - CONTROL NUMBER
control field 5745939
005 - DATE AND TIME OF LATEST TRANSACTION
control field 20110718134055.0
008 - FIXED-LENGTH DATA ELEMENTS--GENERAL INFORMATION
fixed length control field s1970 q1966 tz 000 0 d
035 ## - SYSTEM CONTROL NUMBER
System control number (MATPS)444920
035 ## - SYSTEM CONTROL NUMBER
-- PMA3681YL
035 ## - SYSTEM CONTROL NUMBER
System control number 5745939
050 #4 - LIBRARY OF CONGRESS CALL NUMBER
Classification number PL 8704.K5L55 1966
Item number PL 8704.K5L55 1966
100 1# - MAIN ENTRY--PERSONAL NAME
Personal name Kiimbila, J. K.
245 10 - TITLE STATEMENT
Title Lila na fila.
Medium [Text]
260 ## - PUBLICATION, DISTRIBUTION, ETC. (IMPRINT)
Place of publication, distribution, etc [Arusha]
Name of publisher, distributor, etc Longman Tanzania
Date of publication, distribution, etc c1966
300 ## - PHYSICAL DESCRIPTION
Extent vi, 65 p. ill.,
650 #0 - SUBJECT ADDED ENTRY--TOPICAL TERM
Topical term or geographic name as entry element Swahili language.
Form subdivision Readers.
650 #0 - SUBJECT ADDED ENTRY--TOPICAL TERM
Topical term or geographic name as entry element Swahili language.
Form subdivision Texts.
927 ## -
-- AFIMLS
928 ## -
-- AC09262000
Holdings
Withdrawn status Lost status Source of classification or shelving scheme Damaged status Not for loan Collection code Home library Current library Shelving location Date acquired Source of acquisition Cost, normal purchase price Full call number Barcode Date last seen Copy number Price effective from Koha item type
    Library of Congress Classification     Special Collection AIU/NEGST - Tony Wilmot Memorial Library AIU/NEGST - Tony Wilmot Memorial Library Special Collection 02/18/2010 Donation- SIL 2.00 S PL 8704.K5L55 1966 R41224L3232 09/26/2019 1 02/18/2010 Africana Collection (Special)